000 00217nam a2200097Ia 4500
008 120527s9999 xx 000 0 und d
100 _aCARRUTHERS, Lan
245 _aTools for Agriculture
260 _bI.T
942 _cBK
999 _c25158
_d25158